000 01016nam a2200313 i 4500
001 000046295
003 DO-SdBNP
005 20250718113449.0
007 ta
008 150716s1982 dr a r 000 0 spa d
040 _aDO-SdBNP
_bspa
_cBNPHU
_erda
041 _aspa
082 4 _aRD861.44
_bB663a
_222
100 1 _aBobadilla, José,
_d1955-
_911356
_eautor
_4aut.
245 1 0 _aAbalorios /
_cJosé Bobadilla.
246 1 3 _aAbalorios (circunstancia)
250 _aPrimera edición
264 4 _aSanto Domingo, República Dominicana :
_bEditora Corripio,
_c©1982.
300 _a151 páginas :
_bilustraciones ;
_c20 cm.
336 _atexto
_btxt
_2rdacontent
337 _asin mediación
_bn
_2rdamedia
338 _avolumen
_bnc
_2rdacarrier
500 _aIncluye datos biográficos del autor en la solapa de la cubierta.
590 _aInventariado, 2025/ YL
650 4 _aPoesía dominicana
_966
650 0 _aLiteratura dominicana.
_967
910 _aValidado Control de calidad MFF
942 _2ddc
_cLBS1
999 _c45784
_d45784